[Event "Akademickie Mistrzostwa Polski Kobiet"]
[Site "Szczyrk"]
[Date "1899-12-30"]
[Round "9.1"]
[White "Cieslak, Wiktoria"]
[Black "Antolak, Julia"]
[Result "1-0"]
[WhiteTitle "k++"]
[BlackTitle "WIM"]
[WhiteElo "1951"]
[BlackElo "2110"]

1. e4 c5 2. Nf3 e6 3. d4 cxd4 4. Nxd4 Nf6 5. Nc3 d6 6. g4 h6 7. h4 Nc6 8. Rg1 d5
9. Nxc6 bxc6 10. e5 Nd7 11. g5 Nxe5 12. Qe2 Bd6 13. f4 Nc4 14. Qf3 Qb6 15. Rg2
hxg5 16. hxg5 Bb7 17. Bxc4 dxc4 18. Ne4 Rh1+ 19. Ke2 Qc7 20. Rf2 Rh8 21. Bd2 O-O-O
22. Bc3 Rh4 23. Nxd6+ Qxd6 24. Qg3 Rh7 25. Qe3 c5 26. Qe5 Qxe5+ 27. Bxe5 g6 28.
Rd1 Bd5 29. Rg1 Kb7 30. Rg3 Rh1 31. Rf1 Rh2+ 32. Rf2 Rxf2+ 33. Kxf2 Be4 34. Rc3
Bd5 35. Ke2 a5 36. Rh3 Rd7 37. Ke3 Bc6 38. Ke2 a4 39. a3 Ka6 40. Rc3 Kb5 41. Rh3
Be4 42. Rc3 Bf5 43. Ke1 Bg4 44. Kf2 Rd2+ 45. Ke1 Re2+ 46. Kf1 Rd2 47. Ke1 Rd1+
48. Kf2 Rd2+ 49. Ke1 Rd5 50. Rg3 Rd1+ 51. Kf2 Bf5 52. Ke2 Rc1 53. Rc3 Rb1 54.
Kd2 Rxb2 55. Rxc4 Rb1 56. Rc3 c4 57. Bd6 Rf1 58. Ke2 Rh1 59. Be5 Rh2+ 60. Kd1
Be4 61. Kc1 Bd5 62. Re3 Rf2 63. Kb2 Kc5 64. Kc3 Rg2 65. Bd4+ Kb5 66. Be5 Bc6 67.
Bd6 Rf2 68. Re5+ Kb6 69. Bc5+ 1-0

[Event "Akademickie Mistrzostwa Polski Kobiet"]
[Site "Szczyrk"]
[Date "1899-12-30"]
[Round "9.2"]
[White "Parol, Pola"]
[Black "Binkowska, Agata"]
[Result "1/2-1/2"]
[WhiteTitle "WFM"]
[BlackTitle "k"]
[WhiteElo "1929"]
[BlackElo "1799"]

1. e4 c5 2. Nf3 e6 3. d4 cxd4 4. Nxd4 a6 5. c4 Qc7 6. Nc3 b6 7. Be2 Bb7 8. O-O
Nf6 9. f3 Bd6 10. Kh1 Bxh2 11. f4 Bg3 12. Qd3 Bh4 13. Qh3 Nxe4 14. Nxe4 Be7 15.
Bd3 Ra7 16. Qg3 g6 17. b3 f5 18. Ng5 Bf6 19. Bb2 Ke7 20. Rad1 h6 21. Nh3 Rg8 22.
Rfe1 Kf7 23. Be2 Nc6 24. Nxc6 Bxc6 25. Bxf6 Kxf6 26. Qc3+ Kf7 27. Qe5 Qxe5 28.
fxe5 b5 29. Bf3 Bxf3 30. gxf3 g5 31. Rg1 Rc8 32. Rd4 Rac7 33. Rgd1 Ke7 34. Nf2
bxc4 35. bxc4 Rb8 36. R1d2 Rb4 37. Rd6 Rbxc4 38. Rxa6 Rc1+ 39. Kg2 h5 40. Rad6
g4 41. fxg4 fxg4 42. R6d4 Ra1 43. Nd3 Ra7 44. Nb4 Re1 45. Nd3 Ra1 46. Nc5 R1xa2
47. Rxa2 Rxa2+ 48. Kg3 Ra7 49. Kh4 Rc7 50. Ne4 Ra7 51. Kxh5 Ra5 52. Kxg4 Rxe5
53. Kf4 Rf5+ 54. Ke3 d5 55. Nd2 Rf8 56. Rh4 Kd6 57. Rh6 Ra8 58. Kd4 Ra4+ 59. Ke3
Ra3+ 60. Kd4 Ra4+ 61. Ke3 1/2-1/2

[Event "Akademickie Mistrzostwa Polski Kobiet"]
[Site "Szczyrk"]
[Date "1899-12-30"]
[Round "9.3"]
[White "Kubicka, Anna"]
[Black "Kiolbasa, Oliwia"]
[Result "1/2-1/2"]
[WhiteTitle "WIM"]
[BlackTitle "WIM"]
[WhiteElo "2081"]
[BlackElo "2095"]

1. Nf3 Nf6 2. d4 d5 3. c4 dxc4 4. e3 a6 5. Bxc4 b5 6. Bd3 Bb7 7. O-O e6 8. b3 Nbd7
9. Bb2 c5 10. Nbd2 Be7 11. Rc1 O-O 12. Qe2 cxd4 13. Nxd4 Nc5 14. Bb1 Rc8 15. Rfd1
Qb6 16. N2f3 Nce4 17. Qe1 Rfd8 18. h3 h6 19. Ne5 Bd6 20. Ndf3 Bc5 21. b4 Rxd1
22. Rxd1 Bd6 23. a3 Bd5 24. Rc1 Rxc1 25. Qxc1 Qc7 26. Qxc7 Bxc7 27. Bd4 a5 28.
Bd3 axb4 29. axb4 Bd6 30. Bxb5 Bxb4 31. Nd3 Bc3 32. Nf4 Bxd4 33. Nxd4 Bb7 34.
Nd3 Nd6 35. Ne5 Nxb5 36. Nxb5 Ne8 37. f4 Kf8 38. Kf2 Ke7 39. g4 Bd5 40. h4 Nf6
41. Nc3 Bb7 42. g5 hxg5 43. fxg5 Ne4+ 44. Nxe4 Bxe4 45. Kg3 f6 46. gxf6+ Kxf6
47. Kf4 Bc2 48. Ng4+ Kg6 49. Ne5+ Kh5 50. Kg3 Be4 51. Nd7 Bd5 52. Ne5 Be4 53.
Nc4 Bd5 54. Nd6 g5 55. hxg5 Kxg5 56. Nb5 Kf5 57. Nc3 Bb7 58. Kf2 Ke5 1/2-1/2

[Event "Akademickie Mistrzostwa Polski Kobiet"]
[Site "Szczyrk"]
[Date "1899-12-30"]
[Round "9.4"]
[White "Dmochowska, Agnieszka"]
[Black "Rudnik, Anna"]
[Result "0-1"]
[WhiteTitle "WFM"]
[BlackTitle "I++"]
[WhiteElo "1926"]
[BlackElo "1804"]

1. e4 e5 2. Nf3 Nc6 3. Bb5 a6 4. Ba4 Nf6 5. O-O Nxe4 6. d4 exd4 7. Nxd4 Nxd4 8.
Qxd4 Nf6 9. Re1+ Be7 10. Qe5 b5 11. Bb3 d6 12. Qe2 c5 13. c4 b4 14. Bg5 Be6 15.
Ba4+ Kf8 16. Nd2 h6 17. Bf4 d5 18. cxd5 Nxd5 19. Be5 Nb6 20. Bc6 Ra7 21. Bf3 Bf6
22. Rad1 Bxe5 23. Qxe5 Qc7 24. Qe4 Nd7 25. Nc4 Nf6 26. Qd3 g6 27. h4 Qf4 28. Ne5
Kg7 29. Qd6 Bxa2 30. Qxc5 Re8 31. Qxa7 Rxe5 32. Rxe5 Qxe5 33. Qxa6 Bb3 34. Rf1
Qxb2 35. Qb5 Qc3 36. Rb1 Qc2 37. Re1 Qc3 38. Rb1 Qc2 39. Qf1 Bc4 40. Qc1 Qxc1+
41. Rxc1 Be6 42. Rb1 b3 43. Bd1 Ne4 44. Rb2 Nc5 45. Kf1 Kf6 46. Ke2 Ke5 47. Ke3
f5 48. g3 g5 49. hxg5 hxg5 50. f4+ gxf4+ 51. gxf4+ Kd6 52. Kd4 Bd5 53. Kc3 Na4+
0-1

[Event "Akademickie Mistrzostwa Polski Kobiet"]
[Site "Szczyrk"]
[Date "1899-12-30"]
[Round "9.5"]
[White "Tarnowska, Aleksandra"]
[Black "Fraczek, Weronika"]
[Result "0-1"]
[WhiteTitle "I++"]
[BlackTitle "k++"]
[WhiteElo "1799"]
[BlackElo "1902"]

1. e4 c5 2. Nc3 e6 3. g3 Nc6 4. Bg2 d6 5. d3 Be7 6. Nge2 h5 7. h4 Nf6 8. f4 Rb8
9. O-O g6 10. Kh1 Ng4 11. Bh3 b5 12. Ng1 b4 13. Nce2 d5 14. Kg2 Nf6 15. e5 Nd7
16. Nf3 d4 17. Qe1 Bb7 18. Kh2 Nb6 19. Qf2 Nd5 20. Bd2 a5 21. Rae1 Qb6 22. Ng5
a4 23. Ng1 b3 24. axb3 axb3 25. cxb3 Qxb3 26. N1f3 Qxd3 27. Nxf7 Kxf7 28. Ng5+
Ke8 29. Bxe6 Nd8 30. Bh3 Rf8 31. e6 Nf6 32. Re5 Ng4+ 33. Bxg4 hxg4 34. Rfe1 Bf6
35. R5e2 Bxg5 0-1

[Event "Akademickie Mistrzostwa Polski Kobiet"]
[Site "Szczyrk"]
[Date "1899-12-30"]
[Round "9.6"]
[White "Pastuszko, Kinga"]
[Black "Chrzaszcz, Malvina"]
[Result "1-0"]
[WhiteTitle "k+"]
[BlackTitle "k+"]
[WhiteElo "1760"]
[BlackElo "1836"]

1. e4 c5 2. Nf3 d6 3. d4 cxd4 4. Nxd4 Nf6 5. Nc3 a6 6. Be2 e5 7. Nb3 Be7 8. O-O
Be6 9. f4 Qc7 10. f5 Bc4 11. Bxc4 Qxc4 12. Qd3 Qxd3 13. cxd3 Nc6 14. Be3 O-O 15.
h3 Nb4 16. Rad1 d5 17. a3 Nc2 18. Bf2 d4 19. Ne2 Rac8 20. g4 Rfd8 21. Rc1 Rd7
22. Bg3 Bd6 23. Nexd4 Nxe4 24. dxe4 exd4 25. e5 Bb8 26. e6 fxe6 27. fxe6 Re7 28.
Bxb8 Rxe6 29. Rxc2 Rxb8 30. Nxd4 Re3 31. Rc3 Re4 32. Nf5 Re2 33. Rf2 Re1+ 34.
Kg2 b5 35. Rc7 b4 36. Rxg7+ Kh8 37. axb4 Rxb4 38. Ra7 h5 39. Ng3 Kg8 40. Nxh5
Rb6 41. g5 Re5 42. h4 Re1 43. Nf6+ Kh8 44. Nd5 Rb8 45. g6 Re5 46. Nf6 1-0